000 01005nam a2200217 a 4500
001 74272
003 BD-RjUL
005 20211209082529.0
008 180509s2014bg ||||| d||| 00| 0 ben d
035 _a(BD-RjUL)74490
040 _aBD-RjUL
_bben
_cBD-RjUL
_dBD-RjUL
041 _aben
_aara
082 _223
_a491.4424927
_bKOR 2014
245 1 _aকোরআনুল কারীম থেকে আগত কিছু বাংলা শব্দাবলী বা (শব্দতত্ত্ব) /
_cএম, আহসান; সংকলক
260 _aমোহাম্মদপুর, ঢাকা :
_bআহমদ ইকবাল হাসান,
_c২০১৪
300 _a১০৪ পৃ. ;
_c২০ সেমি.
650 _aবাংলা ভাষা
_9221391
_xবিদেশী শব্দ এবং বাক্যাংশ
_vআরবী
650 _aBengali language
_9221392
_xForeign words and phrases
_vArabic.
700 1 _aআহসান, এম.
_9221393
942 _2ddc
_cBK
999 _c74272
_d74272